Taylor Swift - Paroles Fortnight (feat. Post Malone) - Statistiques

Statistiques générales
  • Ce quiz a été pris 261 fois
  • Le résultat moyen est 282 sur 325
Statistiques - réponses
Hint Réponse % Correct
Bridge | Couplet 1 I
100%
a
99%
for
99%
to
99%
an
98%
and
98%
And
98%
fortnight
98%
the
98%
was
97%
ya,
97%
you
97%
you,
97%
my
95%
My
95%
on
95%
be
94%
But
94%
but
94%
me
94%
get
93%
love
93%
no
93%
supposed
93%
away
92%
come
92%
in
92%
touch,
92%
touch
92%
we
92%
her
91%
it
91%
they
91%
were
91%
your
91%
Your
91%
forgot
90%
life
90%
only
90%
sent
90%
it's
89%
there
89%
kill
88%
ruining
88%
'Til
87%
'til
87%
you're
87%
new
85%
about
84%
okay
84%
reason
84%
wanna
84%
what
84%
flowers,
83%
forever
83%
hope
83%
move
83%
Move
83%
All
82%
Florida,
82%
of
82%
touched
82%
alcoholic
81%
him
81%
is
81%
aesthetic
80%
blame
80%
one
80%
want
80%
want)
80%
America
79%
into
79%
nobody
79%
say,
79%
wife
79%
cheating,
78%
February
78%
husband
78%
noticed
78%
endless
77%
good
77%
this
77%
won't
77%
up
76%
took
74%
are
73%
backyard
73%
backyard,
73%
pick
73%
running
73%
sometimes
73%
temporary
73%
ask
72%
car
72%
(Car
72%
lost
72%
mornings
72%
quiet
72%
miracle
71%
Mondays
71%
Now
71%
turned
71%
waters
71%
drug,
70%
calling
69%
stuck
69%
buy
68%
functioning
68%
here's
68%
neighbors
68%
weather
68%
treason?
67%
effects
64%
start
62%
Couplet 3 Thought
58%
together
58%
at
50%
mailbox
50%
'Nother
39%
sweater
37%
tug
3%
Aucun quiz correspondant
Distribution des résultats
% des personnes avec chaque résultat
Percentile par nombre de réponses
Votre historique - résultats
Vous n’avez pas pris ce quiz